MARC

LEADER 00000nam0a2200000 4500
001 366676
005 20231102011915.0
035 |a (RuTPU)RU\TPU\retro\24039 
090 |a 366676 
100 |a 20220215d1979 m y0rusy50 ca 
101 0 |a rus 
102 |a RU 
105 |a a z 001zy 
200 1 |a Экономическая эффективность работы глубоких шахт  |f Ю. С. Лир, В. Л. Радионовский, Д. Я. Толкацер 
210 |a Москва  |c Недра  |d 1979 
215 |a 130 с.  |c ил. 
320 |a Библиогр.: с. 128-129 
606 1 |a Угольные шахты, глубокие  |x Технико-экономическая эффективность  |2 stltpush  |3 (RuTPU)RU\TPU\subj\62940  |9 79995 
610 1 |a угольная промышленность 
610 1 |a экономика 
610 1 |a методические положения 
610 1 |a выводы 
610 1 |a рекомендации 
675 |a 622.333.012.2:658.58  |v 4 
700 1 |a Лир  |b Ю. С.  |g Юрий Северинович 
701 1 |a Радионовский  |b В. Л.  |g Виктор Львович 
701 1 |a Толкацер  |b Д. Я.  |g Дмитрий Яковлевич 
801 1 |a RU  |b 63413507  |c 20220215 
801 2 |a RU  |b 63413507  |c 20220215  |g RCR 
942 |c BK